[Event "COL-ch"]
[Site "Palmira"]
[Date "2017.05.17"]
[Round "4"]
[White "Pena Mora, Carlos"]
[Black "Arenas, Sebastian"]
[Result "1-0"]
[WhiteElo "1542"]
[BlackElo "1300"]
[PlyCount "55"]
[EventDate "2017.05.15"]
[EventType "swiss"]
[EventRounds "10"]
[EventCountry "COL"]
[SourceTitle "CBM 178 Extra"]
[Source "ChessBase"]
[SourceDate "2017.06.22"]
[SourceVersion "1"]
[SourceVersionDate "2017.06.22"]
[SourceQuality "1"]

1. e4 e5 2. d4 d6 3. Bc4 Nf6 4. Nc3 g6 5. Nge2 Bg7 6. Bg5 0-0 7. Qd2 Nc6 8. 0-0-0 a6 9. Bh6 Re8 10. Bxg7 Kxg7 11. a3 b5 12. Ba2 Bb7 13. f3 Qe7 14. Kb1 Qf8 15. h4 h5 16. Qg5 Qh8 17. Ng3 Ne7 18. dxe5 dxe5 19. Qxe5 Qh6 20. Rd7 Nc6 21. Rxf7+ Kg8 22. Qxf6 Ne5 23. Rxc7+ Nf7 24. Bxf7+ Kf8 25. Bxg6+ Kg8 26. Bf7+ Kh7 27. Bd5+ Qg7 28. Qxg7# 1-0